[Event "Tseshkovsky Mem 2014"]
[Site "Sochi RUS"]
[Date "2014.09.19"]
[Round "3.39"]
[White "Puchko, Nikolay"]
[Black "Vishnjakova, Svetlana"]
[Result "1-0"]
[BlackTitle "WFM"]
[WhiteElo "1885"]
[BlackElo "2123"]
[WhiteFideId "24176214"]
[BlackFideId "4147219"]
[EventDate "2014.09.17"]

1. e4 d5 2. exd5 Nf6 3. Nf3 Nxd5 4. d4 g6 5. h3 Bg7 6. c4 Nb6 7. Nc3 O-O 8. Be3
Nc6 9. Qd2 e5 10. d5 Ne7 11. g4 f5 12. O-O-O fxg4 13. Ng5 Nf5 14. hxg4 Nxe3 15.
Qxe3 Bxg4 16. Rxh7 Bxd1 17. Rxg7+ Kxg7 18. Ne6+ Kh7 19. Nxd8 Bg4 20. Ne6 Rf5 21.
Qg3 Bh5 22. Bd3 Rf3 23. Ng5+ 1-0

[Event "Tseshkovsky Mem 2014"]
[Site "Sochi RUS"]
[Date "2014.09.19"]
[Round "3.40"]
[White "Abrosimov, Nikolay"]
[Black "Bykova, Anastasia"]
[Result "0-1"]
[BlackTitle "WFM"]
[WhiteElo "1877"]
[BlackElo "2112"]
[WhiteFideId "4169476"]
[BlackFideId "4164970"]
[EventDate "2014.09.17"]

1. c4 c6 2. d4 d5 3. e3 Nf6 4. Nc3 g6 5. Nf3 Bg7 6. Qb3 O-O 7. Bd2 e6 8. Bd3
Nbd7 9. O-O b6 10. a4 Bb7 11. a5 Rb8 12. a6 Ba8 13. Qc2 Qe7 14. b4 dxc4 15. Bxc4
Qxb4 16. Nb5 Qe7 17. Nxa7 Rbd8 18. Qb2 Ne4 19. Bb4 Ndc5 20. Qc2 Qxa7 21. dxc5
Nxc5 22. Bxc5 bxc5 23. Rad1 Rb8 24. Rb1 Rb4 25. Nd2 Rfb8 26. Rb3 Qc7 27. Rfb1
Be5 28. g3 Qa7 29. Nf3 Bg7 30. Ne1 Qc7 31. Nd3 Qa5 32. f4 Bf8 33. Ne5 Rd8 34.
Ng4 Bg7 35. Nf2 Qa4 36. Bd3 Qa5 37. Bf1 Rxb3 38. Qxb3 c4 39. Bxc4 Bf6 40. Ne4
Be7 41. Qc3 Qf5 42. Bd3 c5 43. Nf2 Qh5 44. g4 Qh4 45. Be2 g5 46. Qe5 gxf4 47.
Qxf4 Bd6 48. Qc4 Qxh2+ 49. Kf1 Bg3 0-1

[Event "Tseshkovsky Mem 2014"]
[Site "Sochi RUS"]
[Date "2014.09.19"]
[Round "3.43"]
[White "Shandrygin, Nikita"]
[Black "Nikolaev, Valerij"]
[Result "1-0"]
[WhiteElo "2124"]
[BlackElo "1789"]
[WhiteFideId "24198668"]
[BlackFideId "24159484"]
[EventDate "2014.09.17"]

1. e4 e6 2. d4 d5 3. Nd2 c5 4. Ngf3 Nc6 5. exd5 exd5 6. Bb5 Be6 7. O-O Be7 8.
dxc5 Bxc5 9. Nb3 Be7 10. Nbd4 Bd7 11. Bxc6 bxc6 12. Ne5 c5 13. Ndc6 Nf6 14. Nxd8 1-0

[Event "Tseshkovsky Mem 2014"]
[Site "Sochi RUS"]
[Date "2014.09.19"]
[Round "3.46"]
[White "Airapetian, Valentin"]
[Black "Salamov, Khetag"]
[Result "0-1"]
[WhiteElo "1798"]
[BlackElo "1947"]
[WhiteFideId "4188560"]
[BlackFideId "24178462"]
[EventDate "2014.09.17"]

1. e4 c6 2. d4 d5 3. exd5 cxd5 4. Bb5+ Bd7 5. Bxd7+ Nxd7 6. Nf3 e6 7. O-O Bd6 8.
Re1 Qc7 9. Nc3 Ne7 10. Nb5 Qc6 11. Nxd6+ Qxd6 12. a4 O-O 13. b3 Rfe8 14. g3 Rac8
15. Ba3 Qc7 16. Rc1 Ng6 17. h4 Nf6 18. c4 dxc4 19. bxc4 Qa5 20. Ne5 Red8 21.
Nxg6 hxg6 22. Re5 Qa6 23. Be7 Rd7 24. Bxf6 gxf6 25. Rb5 Qc6 26. Qg4 Rcd8 27. Rc5
Qxa4 28. Qf3 Kg7 29. Rd1 b6 30. Rc6 Rxd4 31. Rxd4 Rxd4 32. Rc7 Rxc4 33. Re7 Rc1+
34. Kg2 a5 35. Qe3 Qc6+ 36. Kh3 Rh1+ 37. Kg4 Qd5 38. Qf3 Qh5+ 39. Kf4 e5+ 0-1

[Event "Tseshkovsky Mem 2014"]
[Site "Sochi RUS"]
[Date "2014.09.19"]
[Round "3.51"]
[White "Skripnikov, Velori"]
[Black "Vorushilo, Alena"]
[Result "1-0"]
[WhiteElo "1799"]
[BlackElo "1592"]
[WhiteFideId "24153478"]
[BlackFideId "34132284"]
[EventDate "2014.09.17"]

1. e4 c5 2. Nf3 d6 3. d4 cxd4 4. Nxd4 Nf6 5. Nc3 g6 6. f3 Bg7 7. Be3 Nc6 8. Qd2
O-O 9. Bc4 Ne5 10. Bb3 a6 11. O-O-O b5 12. Nd5 Bd7 13. Bg5 Nxd5 14. Bxd5 Nc4 15.
Qe1 Rc8 16. Kb1 Qb6 17. Qg1 e6 18. Bxc4 bxc4 19. Bc1 Rb8 20. c3 Ba4 21. Rd2 Qa5
22. Qe3 Rb7 23. g4 Rfb8 24. h4 Qc5 25. Ka1 Bd7 26. g5 a5 27. h5 a4 28. a3 e5 29.
Nc2 Qxe3 30. Nxe3 Be6 31. Rxd6 Bf8 32. Rc6 Bxa3 33. bxa3 Rb1+ 34. Ka2 R8b2+ 35.
Bxb2 Rxh1 36. hxg6 hxg6 37. Ra6 Rh3 38. Nd5 Rxf3 39. Ra8+ Kg7 40. Nf6 Rxf6 41.
gxf6+ Kxf6 42. Rxa4 Kg5 43. Bc1+ Kh4 44. Ra5 f6 45. Ra6 1-0

[Event "Tseshkovsky Mem 2014"]
[Site "Sochi RUS"]
[Date "2014.09.19"]
[Round "3.57"]
[White "Esipenko, Aleksandr"]
[Black "Saveleva, Anna"]
[Result "0-1"]
[WhiteElo "1633"]
[BlackElo "1787"]
[WhiteFideId "34125911"]
[BlackFideId "24196380"]
[EventDate "2014.09.17"]

1. e4 c5 2. Nf3 d6 3. d4 cxd4 4. Nxd4 Nf6 5. Nc3 Bd7 6. f3 Nc6 7. Be3 e6 8. Bc4
Be7 9. Qd2 a6 10. O-O O-O 11. Rfd1 Qc7 12. Bf1 Rac8 13. Rac1 Ne5 14. h3 Nc4 15.
Bxc4 Qxc4 16. Qd3 Qxd3 17. cxd3 h6 18. Nb3 Bc6 19. d4 d5 20. e5 Nd7 21. g4 f6
22. f4 fxe5 23. fxe5 Rf3 24. Bf2 Rcf8 25. Rf1 Rxh3 26. Nd2 Bg5 27. Ncb1 Rf4 28.
Kg2 Rd3 29. Rc3 Rxc3 30. bxc3 Rxg4+ 31. Kh2 Rf4 32. Kg3 Rf8 33. Nf3 Bf4+ 34. Kg2
Nb6 35. Nh4 Be8 36. Nf3 Bh5 37. Nbd2 Rc8 38. Rb1 Nc4 39. Nxc4 Rxc4 40. Rxb7 Rxc3
41. Ng1 Rc2 0-1

[Event "Tseshkovsky Mem 2014"]
[Site "Sochi RUS"]
[Date "2014.09.20"]
[Round "4.1"]
[White "Jobava, Baadur"]
[Black "Bryzgalin, Kirill"]
[Result "1-0"]
[WhiteTitle "GM"]
[BlackTitle "GM"]
[WhiteElo "2708"]
[BlackElo "2448"]
[WhiteFideId "13601520"]
[BlackFideId "4133285"]
[EventDate "2014.09.17"]

1. e4 e5 2. Nf3 Nc6 3. Bc4 Be7 4. d3 Nf6 5. Nc3 d6 6. a4 O-O 7. a5 a6 8. h3 Be6
9. Bxe6 fxe6 10. O-O Nd7 11. Be3 Bf6 12. Ne2 Qe7 13. c3 Nd8 14. d4 Rc8 15. dxe5
Nxe5 16. Nxe5 Bxe5 17. f4 Bf6 18. g4 g6 19. g5 Bg7 20. h4 d5 21. Ng3 dxe4 22.
Nxe4 Rf5 23. Qb3 Rb5 24. Qc4 Rxb2 25. Bd4 Rb5 26. Rad1 Nc6 27. Bxg7 Kxg7 28. Nf6
Rc5 29. Qe4 Rd8 30. Rxd8 Qxd8 31. Qe3 b6 32. axb6 cxb6 33. h5 h6 34. Qxe6 Rxc3
35. Nd5 1-0

[Event "Tseshkovsky Mem 2014"]
[Site "Sochi RUS"]
[Date "2014.09.20"]
[Round "4.5"]
[White "Burmakin, Vladimir"]
[Black "Papin, Vasily"]
[Result "1-0"]
[WhiteTitle "GM"]
[BlackTitle "GM"]
[WhiteElo "2584"]
[BlackElo "2502"]
[WhiteFideId "4105109"]
[BlackFideId "4143183"]
[EventDate "2014.09.17"]

1. d4 Nf6 2. c4 e6 3. g3 c5 4. d5 exd5 5. cxd5 d6 6. Nc3 g6 7. Bg2 Bg7 8. Nf3
O-O 9. O-O a6 10. a4 Nbd7 11. Bf4 Qe7 12. Nd2 Nh5 13. Be3 f5 14. Nc4 Rb8 15. Qd2
Ne5 16. Nb6 Qc7 17. a5 Ng4 18. Bg5 h6 19. h3 hxg5 20. hxg4 fxg4 21. Nxc8 Qxc8
22. Be4 Bxc3 23. bxc3 Qe8 24. Bd3 Qe5 25. Qe1 Kg7 26. c4 Rf7 27. Ra3 Rbf8 28.
Bc2 Rf6 29. Kg2 Qd4 30. Bd3 Kh6 31. Rb3 R8f7 32. Ra3 Kh7 33. Rb3 Kg8 34. Ra3 Qe5
35. Bc2 Qd4 36. Bd3 Kf8 37. Rb3 Ke8 38. e3 Qe5 39. Qe2 Nxg3 40. Qxg4 Nf5 41. Rh1
Kd8 42. Rh8+ Kc7 43. Kg1 Qa1+ 44. Rb1 Qxa5 45. e4 Qd2 46. Rd1 Qb2 47. exf5 Rxf5
48. Bxf5 Qxh8 49. Bxg6 Rf6 50. Be4 Rf4 51. Qg2 Qh4 52. f3 g4 53. Qh2 Qg5 54.
Qh7+ Kb8 55. Qg6 Qh4 56. Qxd6+ 1-0

[Event "Tseshkovsky Mem 2014"]
[Site "Sochi RUS"]
[Date "2014.09.20"]
[Round "4.6"]
[White "Andreev, Eduard UKR"]
[Black "Volkov, Sergey"]
[Result "1/2-1/2"]
[WhiteTitle "GM"]
[BlackTitle "GM"]
[WhiteElo "2473"]
[BlackElo "2583"]
[WhiteFideId "14103400"]
[BlackFideId "4122763"]
[EventDate "2014.09.17"]

1. e4 e6 2. d4 d5 3. e5 c5 4. c3 Bd7 5. Nf3 Nc6 6. Be2 Nh6 7. O-O cxd4 8. cxd4
Nf5 9. Nc3 Rc8 10. a3 a6 11. Be3 Be7 12. Bd3 Nxe3 13. fxe3 1/2-1/2

[Event "Tseshkovsky Mem 2014"]
[Site "Sochi RUS"]
[Date "2014.09.20"]
[Round "4.7"]
[White "Brodsky, Michail"]
[Black "Simantsev, Mikhail"]
[Result "1/2-1/2"]
[WhiteTitle "GM"]
[BlackTitle "GM"]
[WhiteElo "2566"]
[BlackElo "2443"]
[WhiteFideId "14100932"]
[BlackFideId "14104555"]
[EventDate "2014.09.17"]

1. d4 Nf6 2. c4 e6 3. Nf3 b6 4. g3 Bb7 5. Bg2 Be7 6. Nc3 Ne4 7. Bd2 c5 8. d5
exd5 9. cxd5 Nxd2 10. Nxd2 d6 11. O-O O-O 12. Qc2 Nd7 13. Rfe1 a6 14. a4 Qc7 15.
Rac1 Rab8 16. Bf1 Rfe8 17. e4 Bf6 18. Kg2 Re7 19. f3 Rbe8 20. Nc4 g6 21. Qd2 Ne5
22. Ne3 Bg7 23. Be2 Nd7 24. Nc4 Ne5 25. Ne3 Nd7 26. Ng4 Ne5 27. Nf2 c4 28. Ncd1 1/2-1/2

[Event "Tseshkovsky Mem 2014"]
[Site "Sochi RUS"]
[Date "2014.09.20"]
[Round "4.9"]
[White "Tunik, Gennady"]
[Black "Panarin, Mikhail"]
[Result "1/2-1/2"]
[WhiteTitle "GM"]
[BlackTitle "GM"]
[WhiteElo "2415"]
[BlackElo "2555"]
[WhiteFideId "4101219"]
[BlackFideId "4153251"]
[EventDate "2014.09.17"]

1. d4 Nf6 2. c4 e6 3. Nf3 Bb4+ 4. Bd2 Qe7 5. g3 Bxd2+ 6. Qxd2 Nc6 7. Nc3 d5 8.
cxd5 exd5 9. Bg2 O-O 10. O-O Re8 11. e3 Bf5 12. Rac1 a6 13. Ne1 Ne4 14. Qd1 Rad8
15. Nd3 Na5 16. Nxe4 Bxe4 17. Bxe4 dxe4 18. Nf4 Rd6 1/2-1/2

[Event "Tseshkovsky Mem 2014"]
[Site "Sochi RUS"]
[Date "2014.09.20"]
[Round "4.11"]
[White "Rozum, Ivan"]
[Black "Lugovskoy, Maxim"]
[Result "1/2-1/2"]
[WhiteTitle "GM"]
[BlackTitle "IM"]
[WhiteElo "2552"]
[BlackElo "2390"]
[WhiteFideId "24104272"]
[BlackFideId "24126454"]
[EventDate "2014.09.17"]

1. d4 d5 2. Nf3 Nf6 3. g3 e6 4. Bg2 Be7 5. O-O O-O 6. c4 dxc4 7. Qa4 a6 8. Qxc4
b5 9. Qc2 Bb7 10. Bd2 Bd6 11. Ng5 Bxg2 12. Kxg2 Nbd7 13. e4 h6 14. Nf3 e5 15.
Nc3 c5 16. dxe5 Nxe5 17. Nxe5 Bxe5 18. f4 Bd4 19. e5 Bxc3 20. Bxc3 Nd5 21. Bd2
Nb6 22. Rfd1 Qd5+ 23. Kf2 Qc6 24. Rac1 1/2-1/2

[Event "Tseshkovsky Mem 2014"]
[Site "Sochi RUS"]
[Date "2014.09.20"]
[Round "4.12"]
[White "Rakhmanov, Aleksandr"]
[Black "Kudelya, Igor"]
[Result "1-0"]
[WhiteTitle "GM"]
[BlackTitle "FM"]
[WhiteElo "2626"]
[BlackElo "2312"]
[WhiteFideId "4173708"]
[BlackFideId "4177339"]
[EventDate "2014.09.17"]

1. Nf3 Nf6 2. g3 g6 3. b3 Bg7 4. Bb2 O-O 5. Bg2 d6 6. d4 Nbd7 7. O-O e5 8. dxe5
Ng4 9. Nc3 Ngxe5 10. Qd2 Rb8 11. Nd4 Nc5 12. a4 Bd7 13. a5 Re8 14. Rfe1 Qc8 15.
e4 Bh3 16. Bh1 Ne6 17. Nxe6 Qxe6 18. Nd5 Qc8 19. Bc3 c6 20. Nf4 Qd7 21. Nxh3
Qxh3 22. f4 Ng4 23. Bxg7 Kxg7 24. Bf3 h5 25. Rad1 d5 26. e5 Nh6 27. Bg2 Qe6 28.
Qf2 a6 29. Rd2 Kh7 30. Rde2 Re7 31. Qf1 Rbe8 32. Bh3 Ng4 33. Qf3 Qf5 34. Kg2 Kg7
35. Qc3 Kh7 36. Bxg4 hxg4 37. Rh1 f6 38. Rhe1 fxe5 39. fxe5 Rf8 40. Kg1 Re6 41.
Qd4 Rf7 42. c4 dxc4 43. bxc4 Rfe7 44. Re4 g5 45. Rf1 Qg6 46. h3 gxh3 47. g4 Rf7
48. Rxf7+ Qxf7 49. Qd3 h2+ 50. Kh1 Kg7 51. Re1 Qf4 52. Qf5 Qxc4 53. Rd1 Kh6 54.
Qf8+ 1-0

[Event "Tseshkovsky Mem 2014"]
[Site "Sochi RUS"]
[Date "2014.09.20"]
[Round "4.13"]
[White "Pushkov, Nikolai"]
[Black "Khalifman, Alexander"]
[Result "0-1"]
[WhiteTitle "GM"]
[BlackTitle "GM"]
[WhiteElo "2315"]
[BlackElo "2621"]
[WhiteFideId "4117131"]
[BlackFideId "4100115"]
[EventDate "2014.09.17"]

1. Nf3 g6 2. c4 Bg7 3. e4 e5 4. d4 exd4 5. Nxd4 Nf6 6. Nc3 O-O 7. f3 Re8 8. Be2
c6 9. Bg5 Qa5 10. Qd2 Nxe4 11. Nxe4 Qxd2+ 12. Kxd2 Bxd4 13. Nd6 Re6 14. Nxc8 Na6
15. Ne7+ Kg7 16. Bd3 f6 17. Nf5+ gxf5 18. Bf4 Bxb2 19. Rab1 Be5 20. Bxe5 Rxe5
21. Rxb7 Nc5 22. Rbb1 f4 23. Rhe1 Rae8 24. Rxe5 fxe5 25. g3 Kf6 26. Bc2 Rg8 27.
gxf4 exf4 28. Bxh7 Rh8 29. Bd3 Rxh2+ 30. Be2 Rh8 31. a4 Ke5 32. a5 Kd4 33. Rb4
Rh2 34. Rb8 Ne4+ 35. fxe4 f3 0-1

[Event "Tseshkovsky Mem 2014"]
[Site "Sochi RUS"]
[Date "2014.09.20"]
[Round "4.14"]
[White "Korneev, Oleg"]
[Black "Kruchev, Boris"]
[Result "1-0"]
[WhiteTitle "GM"]
[BlackTitle "FM"]
[WhiteElo "2581"]
[BlackElo "2310"]
[WhiteFideId "4156803"]
[BlackFideId "4179714"]
[EventDate "2014.09.17"]

1. e4 e5 2. Nf3 Nc6 3. Bb5 a6 4. Ba4 Nf6 5. O-O Be7 6. Re1 b5 7. Bb3 d6 8. c3
O-O 9. h3 Bb7 10. d4 Re8 11. Nbd2 Bf8 12. d5 Nb8 13. Nf1 Nbd7 14. N3h2 Nc5 15.
Bc2 c6 16. b4 Ncd7 17. dxc6 Bxc6 18. Bg5 h6 19. Bxf6 Nxf6 20. Ng4 Nh7 21. a4 Qc7
22. Ng3 Bd7 23. axb5 axb5 24. Qd3 Rec8 25. Ne2 h5 26. Ne3 Nf6 27. Bb3 Qb7 28.
Nd5 Nxd5 29. Bxd5 Bc6 30. Bxc6 Qxc6 31. Ra5 g6 32. Rxb5 Ra2 33. Rd5 Qc4 34. Kf1
Be7 35. Rb1 f5 36. Qxc4 Rxc4 37. exf5 gxf5 38. b5 Kf7 39. b6 Ra8 40. b7 Rb8 41.
f4 Ke6 42. Ra5 Bd8 43. Ra8 Bc7 44. fxe5 dxe5 45. Ra6+ Kd5 46. Rh6 h4 47. Rb5+ 1-0

[Event "Tseshkovsky Mem 2014"]
[Site "Sochi RUS"]
[Date "2014.09.20"]
[Round "4.15"]
[White "Dashko, Andrey"]
[Black "Kotsur, Pavel"]
[Result "1/2-1/2"]
[BlackTitle "GM"]
[WhiteElo "2302"]
[BlackElo "2570"]
[WhiteFideId "4131371"]
[BlackFideId "13700278"]
[EventDate "2014.09.17"]

1. e4 e6 2. d4 d5 3. Nc3 Bb4 4. e5 c5 5. a3 Ba5 6. b4 cxd4 7. Nb5 Bc7 8. f4 Ne7
9. Nf3 Bd7 10. Nbxd4 Ba4 11. Bd3 Nbc6 12. Bb2 Bb6 13. Qd2 Qd7 14. O-O Nf5 15.
Bxf5 exf5 16. Kh1 O-O 17. Nxc6 Qxc6 18. Rac1 Rfe8 1/2-1/2

[Event "Tseshkovsky Mem 2014"]
[Site "Sochi RUS"]
[Date "2014.09.20"]
[Round "4.16"]
[White "Malaniuk, Vladimir P"]
[Black "Smirnov, Timofey"]
[Result "1/2-1/2"]
[WhiteTitle "GM"]
[WhiteElo "2523"]
[BlackElo "2269"]
[WhiteFideId "14100177"]
[BlackFideId "24176427"]
[EventDate "2014.09.17"]

1. Nf3 Nf6 2. c4 e6 3. b3 Be7 4. Bb2 O-O 5. g3 b6 6. Bg2 Bb7 7. O-O c5 8. e3 d5
9. Nc3 dxc4 10. bxc4 Nc6 11. Qe2 Nb4 12. Ne1 Bxg2 13. Kxg2 Qd7 14. a3 Nc6 15. d3
Rfd8 16. Kg1 Qb7 17. f4 a6 18. Rb1 b5 19. Ba1 b4 20. Nd1 a5 21. Nf3 Qd7 22. Nf2 1/2-1/2

[Event "Tseshkovsky Mem 2014"]
[Site "Sochi RUS"]
[Date "2014.09.20"]
[Round "4.17"]
[White "Cherniaev, Alexander"]
[Black "Palkovich, Denis"]
[Result "1-0"]
[WhiteTitle "GM"]
[BlackTitle "FM"]
[WhiteElo "2458"]
[BlackElo "2150"]
[WhiteFideId "4117301"]
[BlackFideId "14113260"]
[EventDate "2014.09.17"]

1. g3 Nf6 2. Bg2 d5 3. d4 g6 4. c4 Bg7 5. cxd5 Nxd5 6. e4 Nb4 7. d5 O-O 8. Nc3
c6 9. a3 N4a6 10. Nge2 e6 11. O-O exd5 12. exd5 cxd5 13. Nxd5 Nc6 14. Nec3 Nc7
15. Nxc7 Qxc7 16. Bf4 Qb6 17. Nd5 Qxb2 18. Rb1 Qa2 19. Nc7 Bf5 20. Nxa8 Qxb1 21.
Qxb1 Bxb1 22. Rxb1 Rxa8 23. Rxb7 Nd4 24. Bb8 Bf8 25. Bd5 Ne2+ 26. Kf1 Nc3 27.
Bxf7+ Kh8 28. Bxg6 hxg6 29. Be5+ Kg8 30. Bxc3 Rc8 31. Bb4 Bxb4 32. axb4 Ra8 33.
b5 a5 34. Rb6 Kg7 35. Ra6 Rc8 36. Rxa5 Rc1+ 37. Kg2 Rb1 38. Ra7+ Kf6 39. Rb7 Kg5
40. h4+ Kf6 41. g4 Rb2 42. Kg3 Rb1 43. Rb6+ Kg7 44. Kf4 Rc1 45. Rc6 Rb1 46. b6
Rb2 47. f3 Rb4+ 48. Kg3 Rb1 49. g5 Kf7 50. Rf6+ Kg7 51. Kf4 Rb4+ 52. Ke5 1-0

[Event "Tseshkovsky Mem 2014"]
[Site "Sochi RUS"]
[Date "2014.09.20"]
[Round "4.18"]
[White "Grishchenko, Sergey1"]
[Black "Maksimov, Dmitri"]
[Result "1-0"]
[WhiteTitle "IM"]
[WhiteElo "2448"]
[BlackElo "2044"]
[WhiteFideId "4136730"]
[BlackFideId "24162477"]
[EventDate "2014.09.17"]

1. d4 Nf6 2. c4 c5 3. d5 b5 4. cxb5 a6 5. bxa6 Bxa6 6. Nc3 g6 7. e4 Bxf1 8. Kxf1
d6 9. Nf3 Bg7 10. h3 O-O 11. Kg1 Nbd7 12. Kh2 Qa5 13. Re1 Rfb8 14. Re2 Ne8 15.
Rc2 Nc7 16. Bg5 Qa6 17. Rac1 h6 18. Bh4 Nb5 19. Nxb5 Rxb5 20. b3 Rb4 21. Re2 Ne5
22. Nxe5 Bxe5+ 23. Bg3 Rd4 24. Qc2 Bxg3+ 25. Kxg3 Qd3+ 26. Qxd3 Rxd3+ 27. f3 Kg7
28. Kf2 Kf6 29. Ke1 Ke5 30. Rd1 Rxd1+ 31. Kxd1 1-0

[Event "Tseshkovsky Mem 2014"]
[Site "Sochi RUS"]
[Date "2014.09.20"]
[Round "4.19"]
[White "Ivanov, Mikhail M"]
[Black "Bakunts, Rafael"]
[Result "1-0"]
[WhiteTitle "GM"]
[WhiteElo "2366"]
[BlackElo "2237"]
[WhiteFideId "4114906"]
[BlackFideId "13304097"]
[EventDate "2014.09.17"]

1. d4 Nf6 2. Nd2 c5 3. dxc5 Na6 4. a3 Nxc5 5. b4 Nce4 6. Nxe4 Nxe4 7. Bb2 d6 8.
e3 Nf6 9. Nf3 e5 10. c4 Be7 11. Be2 O-O 12. O-O Be6 13. Qd2 Rc8 14. Rac1 Qc7 15.
h3 Rfd8 1-0

[Event "Tseshkovsky Mem 2014"]
[Site "Sochi RUS"]
[Date "2014.09.20"]
[Round "4.20"]
[White "Travkina, Anastasia"]
[Black "Gorbatov, Alexej"]
[Result "0-1"]
[WhiteTitle "WFM"]
[BlackTitle "IM"]
[WhiteElo "2208"]
[BlackElo "2355"]
[WhiteFideId "24129151"]
[BlackFideId "4111834"]
[EventDate "2014.09.17"]

1. e4 g6 2. d4 Bg7 3. Nc3 d6 4. f4 c6 5. Nf3 Qb6 6. Bd3 Bg4 7. Be3 Bxf3 8. Qxf3
Bxd4 9. Bxd4 Qxd4 10. O-O-O Nf6 11. e5 dxe5 12. Ba6 Nxa6 13. Rxd4 exd4 14. Ne4
O-O-O 15. Rd1 Rd7 16. Ng5 e6 17. Qh3 c5 18. Nxf7 Re8 19. Ne5 Rc7 20. Nc4 Rc6 21.
Qh4 Rf8 22. Qh6 Rg8 23. Qg5 Nd5 24. Re1 Nac7 25. Qh6 Nf6 26. g4 Nxg4 27. Qxh7
Nf6 28. Qf7 Ncd5 29. Rg1 Re8 30. Rg5 Rc7 31. Nd6+ Kb8 32. Qxg6 Rh8 33. f5 e5 34.
Nc4 e4 35. h4 Rxh4 36. Nd6 Rh1+ 37. Rg1 Nf4 38. Rxh1 Nxg6 39. fxg6 Rg7 40. Rg1
Kc7 41. Nf5 Rd7 42. Nh6 Ne8 43. Rf1 Rd6 44. Rf7+ Kb6 45. Re7 Rxg6 46. Rxe8 e3
47. c3 Rxh6 48. Kc2 Rh2+ 49. Kd3 Rxb2 50. cxd4 cxd4 0-1

[Event "Tseshkovsky Mem 2014"]
[Site "Sochi RUS"]
[Date "2014.09.20"]
[Round "4.21"]
[White "Bykova, Anastasia"]
[Black "Zakarian, David"]
[Result "1/2-1/2"]
[WhiteTitle "WFM"]
[BlackTitle "FM"]
[WhiteElo "2112"]
[BlackElo "2400"]
[WhiteFideId "4164970"]
[BlackFideId "13301276"]
[EventDate "2014.09.17"]

1. e4 e5 2. Nf3 Nc6 3. Bc4 Nf6 4. d3 h6 5. c3 Be7 6. O-O O-O 7. Bb3 d5 8. Qe2
Bg4 9. Nbd2 dxe4 10. dxe4 Qc8 11. Re1 Nh5 12. Nf1 Bg5 13. h3 Bxf3 14. Qxf3 Bxc1
15. Raxc1 Nf4 16. Rcd1 Na5 17. Bd5 c6 18. Bb3 Nxb3 19. axb3 Qe6 20. b4 Rfd8 21.
h4 Qb3 22. g3 Ne6 23. Nd2 Qxb2 24. Nc4 Qb3 25. Nxe5 Nf8 26. Rb1 Qe6 27. Ng4 Ng6
28. Ra1 a6 29. Ra5 b5 30. Rea1 Qc4 31. h5 Rd3 32. Qf5 Ne7 33. Qe5 Qe6 34. Qxe6
fxe6 35. Rxa6 Rxa6 36. Rxa6 Rxc3 37. Ne5 Kh7 38. Ra7 Ng8 39. Nd7 Rc4 40. e5 Kh8
41. Nf8 Rxb4 42. Nxe6 Re4 43. Nf8 b4 44. f3 Rd4 45. Ra8 Rd5 46. e6 b3 47. e7 b2
48. Ng6+ Kh7 49. Nf8+ Kh8 50. Ng6+ 1/2-1/2

[Event "Tseshkovsky Mem 2014"]
[Site "Sochi RUS"]
[Date "2014.09.20"]
[Round "4.22"]
[White "Bimiev, Ahmad"]
[Black "Rozhko, Dmitry"]
[Result "0-1"]
[BlackTitle "FM"]
[WhiteElo "1998"]
[BlackElo "2337"]
[WhiteFideId "24102938"]
[BlackFideId "4150430"]
[EventDate "2014.09.17"]

1. c4 c6 2. Nc3 d5 3. e3 Nf6 4. Nf3 g6 5. d4 Bg7 6. h3 O-O 7. Bd3 c5 8. O-O cxd4
9. exd4 Nc6 10. Re1 Nb4 11. Bb1 dxc4 12. Ne5 Be6 13. Qa4 Nc6 14. Nxc6 bxc6 15.
Rxe6 fxe6 16. Qxc4 Qd7 17. Bc2 Ne8 18. Ne2 Nd6 19. Qd3 Nf5 20. Bb3 Nxd4 21. Nf4
Rad8 22. Bc4 Qd6 23. Qe4 Qe5 24. Qxe5 Bxe5 25. Nxe6 Nxe6 26. Bxe6+ Kg7 27. Bg5
Bxb2 28. Re1 Bf6 29. Be3 Bd4 30. Bg4 c5 31. Bxd4+ cxd4 32. Rxe7+ Rf7 33. Re2 Rc7
34. Rd2 Kf6 35. Be2 Rc1+ 36. Kh2 d3 37. Rxd3 Rxd3 38. Bxd3 Rc3 39. Bb5 Rc2 40.
a4 Rxf2 41. Kg3 Rf5 42. Bd7 Rd5 43. Bc6 Rc5 44. Bb5 Rc3+ 45. Kf4 Rb3 46. Bc6
Rb4+ 47. Ke3 Ke5 48. Kf3 h5 49. Be8 g5 50. g3 Rb3+ 51. Kf2 h4 52. gxh4 gxh4 53.
Bd7 Kd6 0-1

[Event "Tseshkovsky Mem 2014"]
[Site "Sochi RUS"]
[Date "2014.09.20"]
[Round "4.23"]
[White "Nakhbayeva, Guliskhan"]
[Black "Lingur, Zalina"]
[Result "1-0"]
[WhiteTitle "WGM"]
[WhiteElo "2331"]
[BlackElo "2035"]
[WhiteFideId "13704788"]
[BlackFideId "34165670"]
[EventDate "2014.09.17"]

1. d4 Nf6 2. c4 e6 3. Nc3 Bb4 4. e3 c5 5. Ne2 b6 6. a3 Ba5 7. Rb1 Na6 8. d5 O-O
9. g3 Bb7 10. Bg2 b5 11. O-O bxc4 12. e4 d6 13. Qa4 Bxc3 14. bxc3 Qc8 15. Bg5
Nc7 16. Bxf6 gxf6 17. Qxc4 Rb8 18. Qd3 Qd7 19. Nf4 Ba6 20. Qf3 Rfd8 21. Rxb8
Rxb8 22. Re1 Qe7 23. Qd1 Kh8 24. h4 Rb7 25. dxe6 fxe6 26. e5 fxe5 27. Bxb7 Bxb7
28. Nh5 Nd5 29. Qa4 Nxc3 30. Qxa7 h6 31. Re3 Nb5 32. Qb8+ Kh7 33. Rb3 Bd5 34.
Rxb5 c4 35. Ra5 Kg6 36. Ra7 Qxa7 37. Qxa7 1-0

[Event "Tseshkovsky Mem 2014"]
[Site "Sochi RUS"]
[Date "2014.09.20"]
[Round "4.25"]
[White "Dmitrenko, Viktor"]
[Black "Puchko, Nikolay"]
[Result "1-0"]
[WhiteTitle "IM"]
[WhiteElo "2357"]
[BlackElo "1885"]
[WhiteFideId "14110270"]
[BlackFideId "24176214"]
[EventDate "2014.09.17"]

1. Nf3 c5 2. b3 d5 3. e3 a6 4. Bb2 Nc6 5. d4 Bg4 6. a3 cxd4 7. exd4 e6 8. Nbd2
Nf6 9. Bd3 Be7 10. O-O O-O 11. Qb1 Ne4 12. Nxe4 Bxf3 13. Ng3 Be4 14. Nxe4 dxe4
15. Bxe4 f5 16. Bxc6 bxc6 17. Qe1 Rf6 18. Qe2 f4 19. Qf3 Bd6 20. d5 Rh6 21. dxe6
Qh4 22. h3 Re8 23. Rfe1 Rhxe6 24. Rxe6 Rxe6 25. Qxc6 Qe7 26. Qxa6 Kf7 27. Qd3
Qg5 28. Rd1 Bc5 29. b4 Rd6 30. Qc4+ Ke7 31. Re1+ Be3 32. fxe3 Qg3 33. Qe4+ Re6
34. Qb7+ Ke8 35. Qb8+ Ke7 36. Rf1 Qxe3+ 37. Kh1 g5 38. Qb7+ Ke8 39. Qf3 Qb6 40.
Qh5+ Rg6 41. Qxh7 Qe6 42. Qh8+ Kf7 43. Qe5 Qd7 44. c4 Kf8 45. Qh8+ Rg8 46. Qf6+
Qf7 47. c5 1-0